| 000 | 00696pam a2200253 a 4500 | ||
|---|---|---|---|
| 005 | 20260322212011.0 | ||
| 008 | data | ||
| 010 | _a 90048504 | ||
| 020 |
_a0898794439 : _c{dollar}18.95 |
||
| 020 |
_a9780898794434 : _c{dollar}18.95 |
||
| 040 |
_aDLC _cDLC _dDLC |
||
| 050 | 0 | 0 |
_aPN1059.A9 _bD78 1991 |
| 082 | 0 | 0 |
_a808.1 _220 |
| 092 | _a808.1 D78 1991 | ||
| 100 | 1 |
_aDrury, John, _d1950- |
|
| 245 | 1 | 0 |
_aCreating poetry / _cJohn Drury. |
| 250 | _a1st ed. | ||
| 260 |
_aCincinnati, Ohio : _bWriter's Digest Books, _cc1991. |
||
| 300 |
_a211 p. : _bill. ; _c24 cm. |
||
| 504 | _aIncludes bibliographical references and index. | ||
| 650 | 0 |
_aPoetry _xAuthorship. |
|
| 650 | 0 | _aPoetics. | |
| 001 | data | ||
| 999 |
_c235 _d235 |
||